000 00555nmm a2200193Ia 4500
008 251105s9999||||xx |||||||||||||||||und||
020 _a9788434852693
041 _aspa
100 _aCasalderrey, Fina
245 0 _aEl misterio de los hijos de lúa
264 _a[Madrid, España] :
_bGrupo SM,
_c1997
300 _a124 páginas
490 _aEl Barco de Vapor Naranja
650 _aAges 9-12 Years Old
700 _aCasalderrey, Fina
700 1 _a Uhía, Manuel (il.)
856 _uhttps://public.digitaliapublishing.com/a/86168
942 _cCF
999 _c63693
_d63693